Computer vision: A modern approach / (Record no. 62777)

MARC details
000 -LEADER
fixed length control field 00656nam a22001817a 4500
005 - DATE AND TIME OF LATEST TRANSACTION
control field 20120214173012.0
008 - FIXED-LENGTH DATA ELEMENTS--GENERAL INFORMATION
fixed length control field 120214t xxu||||| |||| 00| 0 eng d
020 ## - INTERNATIONAL STANDARD BOOK NUMBER
International Standard Book Number 8120323726
Terms of availability 350.00
035 ## - SYSTEM CONTROL NUMBER
System control number B-106201
040 ## - CATALOGING SOURCE
Original cataloging agency DPL
Language of cataloging ENG
100 ## - MAIN ENTRY--PERSONAL NAME
Personal name Forsyth, David A. and Ponce Jean
9 (RLIN) 41989
245 ## - TITLE STATEMENT
Title Computer vision: A modern approach /
Statement of responsibility, etc by David A. Forsyth
260 ## - PUBLICATION, DISTRIBUTION, ETC. (IMPRINT)
Place of publication, distribution, etc New Delhi
Name of publisher, distributor, etc PHI
Date of publication, distribution, etc 2004
300 ## - PHYSICAL DESCRIPTION
Extent xxv, 691p.
Dimensions 23cms
700 ## - ADDED ENTRY--PERSONAL NAME
Personal name Ponce, Jean
9 (RLIN) 41990
942 ## - ADDED ENTRY ELEMENTS (KOHA)
Source of classification or shelving scheme Dewey Decimal Classification
Item type English Books
Classification part 006.37
Call number suffix FOR
Holdings
Withdrawn status Lost status Source of classification or shelving scheme Damaged status Not for loan Collection code Home library Current library Shelving location Date acquired Cost, normal purchase price Total Checkouts Total Renewals Full call number Barcode Date last seen Cost, replacement price Koha item type
    Dewey Decimal Classification     Non-fiction Sarojini Nagar Sarojini Nagar General Stacks 14/02/2012 350.00 3 5 006.37 FOR B-106201 06/07/2022 350.00 English Books

© Delhi Public Library
Hit Counter
free hit counter